[Event "Summer Prague Open 2025 - A"]
[Site "Olympik hotel, Sokolovska 138, Praha"]
[Date "2025.08.10"]
[Round "3"]
[Board "19"]
[White "Vilimek, Vit"]
[Black "Cabela, Filip"]
[Result "1-0"]
[WhiteElo "2159"]
[BlackElo "2000"]
[PlyCount "0"]
[EventDate "2025.08.08"]
[EventRounds "9"]
[EventCountry "CZE"]

1. e4 e5 2. Nf3 Nc6 3. Bb5 f5 4. d3 fxe4 5. dxe4 Nf6 6. Qd3 Bb4+ 7. c3 Bc5 8. O-O
d6 9. Bg5 O-O 10. b4 Bb6 11. Bxc6 bxc6 12. Qc4+ Kh8 13. Qxc6 Rb8 14. Nbd2 Bd7 15.
Bxf6 Rxf6 16. Qd5 Qe8 17. c4 Qg6 18. Qd3 Bg4 19. c5 dxc5 20. Nxe5 Qh5 21. Nxg4 Qxg4
22. b5 Re8 23. e5 Rf4 24. Rac1 Rd4 25. Qf3 Qe6 26. Qe2 Qxa2 27. Rfd1 Red8 28. e6
Re8 29. Qh5 Qxe6 30. Nf3 Rxd1+ 31. Rxd1 Qe2 32. Rf1 c4 33. h3 c3 34. Qh4 c2 35. Qf4
h6 36. Nh4 Ba5 37. Rc1 Qd2 38. Ng6+ Kh7 39. Qxd2 Bxd2 40. Rxc2 Re1+ 41. Kh2 Re2 42.
Rc6 Rxf2 43. h4 Rf5 44. g4 Rxb5 45. h5 Ba5 46. Re6 Kg8 47. Re7 Bb4 48. Rd7 Bd6+ 49.
Kg2 Rb8 50. Nh4 Rc8 51. Nf5 Bf8 52. Kf3 a5 53. Rd4 c5 54. Rc4 Rb8 55. Ra4 Rb3+ 56.
Ne3 Be7 57. Kf2 Bd8 58. Rc4 Kf7 59. Nd5 Ke6 60. Ne3 Bf6 61. Ke2 Bd4 62. Nf5 Kd5 63.
Ra4 Rb5 64. Kf3 Be5 65. Ne3+ Ke6 66. Ra3 Bb2 67. Ra2 Bd4 68. Nc4 Kd5 69. Na3  1-0

[Event "Summer Prague Open 2025 - A"]
[Site "Olympik hotel, Sokolovska 138, Praha"]
[Date "2025.08.10"]
[Round "3"]
[Board "20"]
[White "Posluszny, Tomasz"]
[Black "Grochol, Kamil"]
[Result "1/2-1/2"]
[WhiteElo "2036"]
[BlackElo "2150"]
[PlyCount "0"]
[EventDate "2025.08.08"]
[EventRounds "9"]
[EventCountry "CZE"]

1. e4 e6 2. d4 d5 3. Nc3 Nf6 4. e5 Nfd7 5. f4 c5 6. Nf3 Nc6 7. Be3 a6 8. Qd2 b5 9.
h4 Qa5 10. h5 Be7 11. h6 g6 12. Ne2 Qxd2+ 13. Nxd2 b4 14. dxc5 Nxc5 15. Nd4 Bd7 16.
N2f3 O-O 17. g4 Rfc8 18. f5 Nxd4 19. Nxd4 Ne4 20. O-O-O exf5 21. gxf5  1/2-1/2

[Event "Summer Prague Open 2025 - A"]
[Site "Olympik hotel, Sokolovska 138, Praha"]
[Date "2025.08.10"]
[Round "3"]
[Board "21"]
[White "Horacek, Michal"]
[Black "Conradie, Dirk Cornelis Uys"]
[Result "1/2-1/2"]
[WhiteElo "2115"]
[BlackElo "1756"]
[PlyCount "0"]
[EventDate "2025.08.08"]
[EventRounds "9"]
[EventCountry "CZE"]

1. d4 Nf6 2. Nf3 g6 3. e3 Bg7 4. c4 O-O 5. Nc3 d5 6. cxd5 Nxd5 7. Bc4 Nxc3 8. bxc3
c5 9. O-O Qc7 10. Qe2 Bg4 11. Ba3 cxd4 12. cxd4 Bxf3 13. gxf3 Nc6 14. Rfd1 Qa5 15.
Rd3 Rfe8 16. f4 Rac8 17. Bc5 Qc7 18. Rc1 Na5 19. Bb5 Rf8 20. Rdc3 Nc6 21. Bxa7 Qa5
22. Bc5 b6 23. Ra3 Nxd4 24. exd4 Rxc5 25. dxc5 Qxa3 26. Qe3 Qb4 27. Bc4 bxc5 28.
Qxe7 Qd2 29. Qe3 Qd6 30. Rb1 Bd4 31. Qe4 Qd7 32. Rb7 Qg4+ 33. Kf1 Qd1+ 34. Kg2 Qg4+
35. Kf1 Qd1+ 36. Kg2  1/2-1/2

[Event "Summer Prague Open 2025 - A"]
[Site "Olympik hotel, Sokolovska 138, Praha"]
[Date "2025.08.10"]
[Round "3"]
[Board "22"]
[White "Kozissnik, Christian"]
[Black "Hozda, Max"]
[Result "1/2-1/2"]
[WhiteElo "2062"]
[BlackElo "1963"]
[PlyCount "0"]
[EventDate "2025.08.08"]
[EventRounds "9"]
[EventCountry "CZE"]

1. d4 d5 2. c4 dxc4 3. Nf3 Nf6 4. g3 b5 5. Bg2 Bb7 6. O-O e6 7. a4 c6 8. b3 c3 9.
Nxc3 b4 10. Na2 c5 11. Bb2 Nbd7 12. Re1 Rc8 13. Qd3 Qb6 14. e4 cxd4 15. Nxd4 Nc5
16. Qb5+ Qxb5 17. Nxb5 a6 18. e5 Bxg2 19. exf6 axb5 20. fxg7 Bxg7 21. Bxg7 Rg8 22.
Kxg2 Rxg7 23. axb5 Rb8 24. Nxb4 Rxb5 25. Ra8+ Ke7 26. Nc6+ Kf6 27. b4 Rb6 28. bxc5
Rxc6 29. Ra5 Rg5 30. Rc1 Rd5 31. Rc4 h5 32. Rb5 Kg6 33. Kf3 Kf6 34. Ke3 Kg6 35. h4
Kf6 36. f3 Kg6 37. g4 Rc7 38. g5 Kg7 39. Ra5 Rc8 40. Rf4 Rcxc5 41. Rxc5 Rxc5 42.
Rf6 Rc4 43. f4 Rc3+ 44. Ke4 Ra3 45. Ke5  1/2-1/2

[Event "Summer Prague Open 2025 - A"]
[Site "Olympik hotel, Sokolovska 138, Praha"]
[Date "2025.08.10"]
[Round "3"]
[Board "23"]
[White "Amulya, Guruprasad"]
[Black "Mannion, Stephen R"]
[Result "0-1"]
[WhiteElo "1887"]
[BlackElo "2179"]
[PlyCount "0"]
[EventDate "2025.08.08"]
[EventRounds "9"]
[EventCountry "CZE"]

1. e4 e5 2. Nf3 Nc6 3. Bb5 a6 4. Ba4 Nf6 5. O-O d6 6. c4 Bg4 7. d4 Nd7 8. d5 Nd4
9. Nbd2 b5 10. cxb5 axb5 11. Bc2 Be7 12. Bd3 Nc5 13. Be2 Nxe2+ 14. Qxe2 Qd7 15. b4
Na4 16. h3 Bh5 17. Qd3 Bg6 18. Ne1 f5 19. f3 O-O 20. Nc2 c5 21. dxc6 Qxc6 22. Ne3
Qc3 23. Qxc3 Nxc3 24. exf5 Bxf5 25. Nxf5 Rxf5 26. a3 d5 27. Nb3 d4 28. Bd2 Ne2+ 29.
Kf2 d3 30. Ke1 e4 31. Be3 Bf6 32. Rd1 Rxa3 33. Nc5 Bh4+ 34. Bf2 Nc3 35. Bxh4 Nxd1
36. Kxd1 Rxc5 37. bxc5 e3 38. Kc1 Ra1+ 39. Kb2 Rxf1 40. c6 d2 41. c7 Rc1  0-1

[Event "Summer Prague Open 2025 - A"]
[Site "Olympik hotel, Sokolovska 138, Praha"]
[Date "2025.08.10"]
[Round "3"]
[Board "24"]
[White "Czaeczine, Anne"]
[Black "Kala, Jakub"]
[Result "1/2-1/2"]
[WhiteElo "2168"]
[BlackElo "1948"]
[PlyCount "0"]
[EventDate "2025.08.08"]
[EventRounds "9"]
[EventCountry "CZE"]

1. e4 c6 2. d4 d5 3. Nc3 dxe4 4. Nxe4 Bf5 5. Ng3 Bg6 6. Nf3 Nf6 7. h4 Nh5 8. Nxh5
Bxh5 9. Be3 e6 10. Be2 Nd7 11. Qd2 Bd6 12. O-O-O Qe7 13. Rhe1 Nf6 14. Ne5 Bxe2 15.
Qxe2 O-O-O 16. Rd3 Nd5 17. Red1 Nxe3 18. Qxe3 Qxh4 19. g3 Qe7 20. Rb3 Bxe5 21. Qxe5
Rd5 22. Qxg7 Qg5+ 23. Qxg5 Rxg5 24. Rf3 Rg7 25. Rh1 Kd7 26. Rf4 h6 27. Kd2 Ke7 28.
Ke3 Rg6 29. a4 Kf8 30. Ke4 Kg7 31. Rh5 Rg5 32. Rh3 Rd8 33. Rfh4 Rg6 34. c4 b6 35.
Rh5 a6 36. b4 Rd7 37. R3h4 Rd8 38. a5 b5 39. cxb5 cxb5 40. Rc5 Rg5 41. Rc6 Ra8 42.
Rc7 Rf5 43. Rg4+ Kf6 44. Ke3 Rd8 45. Rc6 Ra8 46. Re4 Ra7 47. f4 h5 48. Kf3 Rd5 49.
g4 hxg4+ 50. Kxg4 Rad7 51. Rxa6 Rxd4 52. Kf3 Rd3+ 53. Re3 R7d4 54. Rc6 Rxe3+ 55.
Kxe3 Rxb4  1/2-1/2

[Event "Summer Prague Open 2025 - A"]
[Site "Olympik hotel, Sokolovska 138, Praha"]
[Date "2025.08.10"]
[Round "3"]
[Board "25"]
[White "Bohatyrov, Mykola"]
[Black "Garbrecht, Jan"]
[Result "1/2-1/2"]
[WhiteElo "1942"]
[BlackElo "2160"]
[PlyCount "0"]
[EventDate "2025.08.08"]
[EventRounds "9"]
[EventCountry "CZE"]

1. d4 g6 2. c4 Bg7 3. Nc3 c5 4. Nf3 cxd4 5. Nxd4 Nc6 6. Nxc6 bxc6 7. g3 Qb6 8. Qa4
Nf6 9. Bg2 O-O 10. O-O Qa6 11. Bd2 d5 12. b3 Rd8 13. Rad1 Qxa4 14. Nxa4 Bf5 15. Ba5
Rdc8 16. Nc5 e6 17. Bc3 g5 18. h3 Ne8 19. Bxg7 Kxg7 20. e4 Bg6 21. g4 Nf6 22. Rfe1
a5 23. exd5 cxd5 24. Na4 Ra7 25. cxd5 exd5 26. Bxd5 Rc2 27. Bc4  1/2-1/2

[Event "Summer Prague Open 2025 - A"]
[Site "Olympik hotel, Sokolovska 138, Praha"]
[Date "2025.08.10"]
[Round "3"]
[Board "26"]
[White "Flasik, Radoslav"]
[Black "Ferraro, Luca"]
[Result "1-0"]
[WhiteElo "2143"]
[BlackElo "1939"]
[PlyCount "0"]
[EventDate "2025.08.08"]
[EventRounds "9"]
[EventCountry "CZE"]

1. d4 Nf6 2. Nf3 g6 3. Nbd2 Bg7 4. e4 d6 5. Be2 O-O 6. O-O Nbd7 7. c3 e5 8. Qc2 Re8
9. Re1 a5 10. a4 b6 11. dxe5 dxe5 12. b4 Bb7 13. Bc4 c5 14. bxa5 Rxa5 15. Bb5 Qc7
16. Nc4 Raa8 17. Bg5 Bc6 18. Rad1 Re6 19. Qd3 Bf8 20. Nfd2 Be7 21. Ne3 Rd6 22. Qc2
Nf8 23. Bxf6 Bxf6 24. Ndc4 Re6 25. Nd5 Qb7 26. Ncxb6 Ra7 27. Nxf6+ Rxf6 28. Nd5 Re6
29. Qb3 Kg7 30. Rb1 Rd6 31. Red1 Ne6 32. Qc4 Qd7 33. g3 h6 34. Ne3 h5 35. Rd5 Qc7
36. Rxe5 Rd2 37. Rxe6 Bxb5 38. axb5 fxe6 39. b6 Qf7 40. Nd1 Rad7 41. Qf1 Rc2 42.
Ne3 Ra2 43. Nc4 Qe7 44. e5 Rb7 45. Nd6 Rb8 46. Qc4 Ra5 47. b7 Qd7 48. h4 Kh7 49.
Qf4 Qe7 50. Nf7 Kg8 51. Nd6 Kg7 52. Rb2 Kh7 53. Qf3 Qd7 54. Rb6 c4 55. Ne4 Ra1+ 56.
Kh2 Qd1 57. Ng5+ Kh6 58. Qg2 Qd5 59. Nxe6 Qxe5 60. Nf4 Qc5 61. Rxg6+ Kh7 62. Rg5
Qe7 63. Rxh5+ Kg7 64. Rg5+ Kh7 65. Qc6 Qf7 66. Qe4+ Kh8 67. Qe5+ Kh7 68. Rh5+  1-0

[Event "Summer Prague Open 2025 - A"]
[Site "Olympik hotel, Sokolovska 138, Praha"]
[Date "2025.08.10"]
[Round "3"]
[Board "27"]
[White "Horak, Martin"]
[Black "Koridze, Lile"]
[Result "1-0"]
[WhiteElo "2348"]
[BlackElo "2110"]
[PlyCount "0"]
[EventDate "2025.08.08"]
[EventRounds "9"]
[EventCountry "CZE"]

1. e4 c5 2. Nf3 d6 3. d4 cxd4 4. Nxd4 Nf6 5. Nc3 a6 6. Be2 e5 7. Nb3 Be7 8. Be3 Be6
9. Nd5 Nbd7 10. Qd3 O-O 11. O-O Rc8 12. c4 b5 13. cxb5 axb5 14. Rfc1 Rxc1+ 15. Rxc1
Bxd5 16. exd5 Qa8 17. Rc7 Qxa2 18. Qc2 Qa8 19. Bxb5 Qd8 20. Ra7 Nb8 21. Qc4 h6 22.
Rb7 Nfd7 23. Qc7 Qxc7 24. Rxc7 Rd8 25. Na5 Bf8 26. Kf1 Nc5 27. b4 Nba6 28. Bxa6 Nxa6
29. Rb7 Rc8 30. Nc6 Ra8 31. b5 Nc5 32. Bxc5 Ra1+ 33. Ke2 dxc5 34. b6 Rb1 35. Rb8
 1-0

[Event "Summer Prague Open 2025 - A"]
[Site "Olympik hotel, Sokolovska 138, Praha"]
[Date "2025.08.11"]
[Round "4"]
[Board "1"]
[White "Prokofiev, Valentyn"]
[Black "Lever, Erwan"]
[Result "1/2-1/2"]
[WhiteElo "2426"]
[BlackElo "2226"]
[PlyCount "0"]
[EventDate "2025.08.08"]
[EventRounds "9"]
[EventCountry "CZE"]

1. d4 Nf6 2. c4 e6 3. Nc3 d5 4. Nf3 c6 5. e3 Nbd7 6. Qc2 b6 7. b3 Bb7 8. Bb2 Rc8
9. cxd5 cxd5 10. Bd3 Ne4  1/2-1/2

[Event "Summer Prague Open 2025 - A"]
[Site "Olympik hotel, Sokolovska 138, Praha"]
[Date "2025.08.11"]
[Round "4"]
[Board "2"]
[White "Botea, David-Alexandru"]
[Black "Stojanovic, Mihajlo"]
[Result "1/2-1/2"]
[WhiteElo "2166"]
[BlackElo "2397"]
[PlyCount "0"]
[EventDate "2025.08.08"]
[EventRounds "9"]
[EventCountry "CZE"]

1. e4 e5 2. Nf3 Nf6 3. Nxe5 d6 4. Nf3 Nxe4 5. d4 d5 6. Bd3 Nc6 7. O-O Be7 8. c3 O-O
9. Re1 Bf5 10. Bf4 Re8 11. Qc2 Bd6  1/2-1/2

[Event "Summer Prague Open 2025 - A"]
[Site "Olympik hotel, Sokolovska 138, Praha"]
[Date "2025.08.11"]
[Round "4"]
[Board "3"]
[White "Zvolensky, David"]
[Black "Horak, Martin"]
[Result "0-1"]
[WhiteElo "2154"]
[BlackElo "2348"]
[PlyCount "0"]
[EventDate "2025.08.08"]
[EventRounds "9"]
[EventCountry "CZE"]

1. d4 d5 2. Nf3 Nf6 3. g3 c5 4. Bg2 cxd4 5. O-O g6 6. Bf4 Bg7 7. Qxd4 Nc6 8. Qa4
Ne4 9. Ne5 Bd7 10. Nxd7 Qxd7 11. c4 Bxb2 12. cxd5 Nd4 13. Qd1 Nf6 14. Nc3 Bxc3 15.
Rc1 Qb5 16. Rxc3 Nxe2+ 17. Qxe2 Qxe2 18. Re3 Qxa2 19. d6 O-O 20. dxe7 Rfe8 21. Bxb7
Nd5 22. Re5 Nxf4 23. Bxa8 Ne2+ 24. Kg2 Rxa8 25. Rd1 Re8 26. Rd8 Qa4 27. Rxe2 f6 28.
Rxe8+ Qxe8 29. Kf1 Kf7 30. Ke1 Qxe7 31. Rxe7+ Kxe7  0-1

[Event "Summer Prague Open 2025 - A"]
[Site "Olympik hotel, Sokolovska 138, Praha"]
[Date "2025.08.11"]
[Round "4"]
[Board "4"]
[White "Walek, Petr"]
[Black "Dobrovolsky, Ladislav"]
[Result "1-0"]
[WhiteElo "2284"]
[BlackElo "2103"]
[PlyCount "0"]
[EventDate "2025.08.08"]
[EventRounds "9"]
[EventCountry "CZE"]

1. e4 c5 2. Nc3 Nc6 3. Nge2 g6 4. d4 cxd4 5. Nxd4 Bg7 6. Be3 Nf6 7. Bc4 O-O 8. Bb3
a5 9. O-O d6 10. Ndb5 b6 11. Qe2 Nd7 12. Rad1 Bb7 13. f4 Rc8 14. Nd5 Ba6 15. Bc4
Bxb5 16. Bxb5 Bxb2 17. Ba6 Rb8 18. Qb5 Nb4 19. Nxb4 axb4 20. Qxb4 Bg7 21. e5 Nc5
22. Bc4 Qc7 23. exd6 exd6 24. f5 Qe7 25. Rde1 Qf6 26. fxg6 Qxg6 27. Rf4 Be5 28. Rg4
Qxg4 29. Bxf7+ Rxf7 30. Qxg4+ Kh8 31. Bd4 Re8 32. Rf1 Rfe7 33. Rf6 Rg7 34. Bxe5 dxe5
35. Qf3 Nd7 36. Rf7 e4 37. Qf5 e3 38. Rxg7  1-0

[Event "Summer Prague Open 2025 - A"]
[Site "Olympik hotel, Sokolovska 138, Praha"]
[Date "2025.08.11"]
[Round "4"]
[Board "5"]
[White "Jun, Rudolf"]
[Black "Taborsky, Rostislav"]
[Result "1-0"]
[WhiteElo "2283"]
[BlackElo "2093"]
[PlyCount "0"]
[EventDate "2025.08.08"]
[EventRounds "9"]
[EventCountry "CZE"]

1. Nf3 f5 2. d4 e6 3. g3 Nf6 4. Bg2 d5 5. O-O Bd6 6. c4 c6 7. b3 Qe7 8. a4 a5 9.
Ne5 Nbd7 10. Nd3 O-O 11. Ba3 dxc4 12. bxc4 Bxa3 13. Nxa3 e5 14. dxe5 Nxe5 15. Qb3
Ne4 16. Qb2 Nd7 17. Rfd1 Ndc5 18. Nc2 Be6 19. Qa3 Rae8 20. f3 Nxd3 21. exd3 Qc5+
22. Qxc5 Nxc5 23. f4 Rd8 24. Bf1 Nb3 25. Rab1 Nd4 26. Nxd4 Rxd4 27. Re1 Bc8 28. Re5
g5 29. fxg5 f4 30. gxf4 Rdxf4 31. Bg2 Bf5 32. Rd1 Rg4 33. Rxa5  1-0

[Event "Summer Prague Open 2025 - A"]
[Site "Olympik hotel, Sokolovska 138, Praha"]
[Date "2025.08.11"]
[Round "4"]
[Board "6"]
[White "Heinrich, John"]
[Black "Vos, Rik"]
[Result "1-0"]
[WhiteElo "2351"]
[BlackElo "2060"]
[PlyCount "0"]
[EventDate "2025.08.08"]
[EventRounds "9"]
[EventCountry "CZE"]

1. Nf3 c5 2. c4 Nc6 3. e3 Nf6 4. Nc3 e6 5. d4 d5 6. cxd5 exd5 7. Bb5 Be7 8. O-O O-O
9. dxc5 Bxc5 10. b3 Be6 11. Bb2 Qe7 12. Rc1 Rac8 13. Ne2 Ne4 14. Ned4 Bg4 15. Be2
Rfe8 16. Nxc6 Rxc6 17. Ne5 Nxf2 18. Rxf2 Bxe3 19. Nxg4 Bxf2+ 20. Kxf2 Rxc1 21. Bxc1
h5 22. Ne3 Qh4+ 23. Kg1 d4 24. Nf5  1-0

[Event "Summer Prague Open 2025 - A"]
[Site "Olympik hotel, Sokolovska 138, Praha"]
[Date "2025.08.11"]
[Round "4"]
[Board "7"]
[White "Mylonas, Konstantinos"]
[Black "Petr, Jakub"]
[Result "1/2-1/2"]
[WhiteElo "1974"]
[BlackElo "2292"]
[PlyCount "0"]
[EventDate "2025.08.08"]
[EventRounds "9"]
[EventCountry "CZE"]

1. b3 Nf6 2. Bb2 g6 3. Bxf6 exf6 4. d4 Bg7 5. e3 O-O 6. g3 f5 7. Ne2 c5 8. c3 cxd4
9. cxd4 Nc6 10. Bg2 b6 11. O-O Bb7 12. Nbc3 Rc8 13. Rc1 d6 14. Qd2 Qd7 15. Nd5 Rfe8
16. Rc2 g5 17. Rfc1 Kh8 18. b4 Rg8 19. a4 f4 20. exf4 Rce8 21. fxg5 Rxe2 22. Qxe2
Re8 23. Qb5 a6 24. Qxb6 Nxd4 25. Qc7 Qg4 26. Qxb7 Nxc2 27. h3 Qe2 28. Qc6 Nd4 29.
Qxd6 Nb3 30. Nf4 Qb2 31. Rd1 Bd4 32. Rxd4 Qxd4 33. Qf6+ Kg8 34. Nd5 Re1+ 35. Kh2
Qxf6 36. Nxf6+ Kg7 37. Bd5 Nd4 38. Be4 h6 39. Nh5+ Kh8 40. Bd3 hxg5 41. Bxa6 f5 42.
g4 f4 43. Bb7 f3 44. Ng3 Re2 45. Ne4 Rb2 46. b5 Kg7 47. Nxg5 Rxf2+ 48. Kg3 Ra2 49.
Nxf3 Ne2+ 50. Kh4 Rxa4 51. Bc6 Rb4 52. Kg5 Nc3 53. Nh4 Nxb5 54. Nf5+ Kh7 55. Bxb5
Rxb5 56. h4 Ra5 57. Kf6 Ra6+ 58. Kf7 Ra7+ 59. Kf6 Ra6+ 60. Kg5  1/2-1/2

[Event "Summer Prague Open 2025 - A"]
[Site "Olympik hotel, Sokolovska 138, Praha"]
[Date "2025.08.11"]
[Round "4"]
[Board "8"]
[White "Kulhanek, Tomas"]
[Black "Wagner, Julian"]
[Result "1/2-1/2"]
[WhiteElo "2289"]
[BlackElo "2134"]
[PlyCount "0"]
[EventDate "2025.08.08"]
[EventRounds "9"]
[EventCountry "CZE"]

1. e4 e5 2. Nc3 Bc5 3. Nf3 d6 4. d4 exd4 5. Nxd4 Nf6 6. Be2 c6 7. Nb3 Bb6 8. Bf4
d5 9. exd5 Nxd5 10. Nxd5 cxd5 11. O-O O-O 12. c3 Nc6 13. Bf3 Qf6 14. Be3 Bxe3 15.
fxe3 Be6 16. Nd4 Qg5 17. Qe2 Ne5 18. Kh1 Bg4 19. Qf2  1/2-1/2

[Event "Summer Prague Open 2025 - A"]
[Site "Olympik hotel, Sokolovska 138, Praha"]
[Date "2025.08.11"]
[Round "4"]
[Board "9"]
[White "Rosen, Bernd"]
[Black "Sokolovsky, Jakub"]
[Result "1-0"]
[WhiteElo "2181"]
[BlackElo "2051"]
[PlyCount "0"]
[EventDate "2025.08.08"]
[EventRounds "9"]
[EventCountry "CZE"]

1. c4 Nf6 2. g3 c6 3. Nf3 g6 4. b3 Bg7 5. Bb2 d5 6. Bg2 O-O 7. O-O a5 8. d3 Re8 9.
Na3 Qb6 10. Rc1 Nbd7 11. cxd5 cxd5 12. Qc2 e5 13. Qc7 d4 14. Qxb6 Nxb6 15. Nb5 Nfd5
16. Nc7 Nxc7 17. Rxc7 Nd5 18. Rc5 Nb4 19. a3 Nc6 20. Nd2 Ra6 21. Nc4 Be6 22. Rb5
Re7 23. a4 Bxc4 24. bxc4 Ra7 25. Bxc6 bxc6 26. Rb8+ Bf8 27. Ba3 Rab7 28. Rd8 Rbd7
29. Bxe7 Rxe7 30. Rb1  1-0

[Event "Summer Prague Open 2025 - A"]
[Site "Olympik hotel, Sokolovska 138, Praha"]
[Date "2025.08.11"]
[Round "4"]
[Board "10"]
[White "Toniolo, Samuel"]
[Black "Domanskiy, Mykola"]
[Result "1/2-1/2"]
[WhiteElo "2078"]
[BlackElo "2166"]
[PlyCount "0"]
[EventDate "2025.08.08"]
[EventRounds "9"]
[EventCountry "CZE"]

1. e4 c5 2. Nf3 d6 3. d4 cxd4 4. Nxd4 Nf6 5. Nc3 a6 6. a4 e5 7. Nf3 Be7 8. Bg5 Be6
9. Bxf6 Bxf6 10. Nd5 O-O 11. Bc4 Be7 12. O-O Nd7 13. Qe2 Nf6 14. Rad1 Nxd5 15. Bxd5
Qc7 16. Rd3 Rac8 17. c3 Bd7 18. b3 Kh8 19. Re1 b5 20. axb5 axb5 21. c4 Bc6 22. Rc1
Bxd5 23. Rxd5 bxc4 24. bxc4 Qa7 25. h3 Rc6 26. Rb5 Qa4 27. Qb2 Rxc4 28. Ra1 Qc2 29.
Qxc2 Rxc2 30. Rb7 Bf6 31. Rxf7 Rd8 32. g4 h6 33. h4 d5 34. Re1 Kg8 35. Rb7 dxe4 36.
Rxe4 Rf8 37. g5 hxg5 38. hxg5 Bd8 39. Kg2 Rc3 40. Nxe5 Bxg5 41. Rg4 Rf5 42. f4 Bh6
43. Ng6 Rfc5 44. f5 Kh7 45. Nf8+ Kg8 46. Ng6 Kh7 47. Rb8 Rc8 48. Nf8+ Kg8 49. Rxc8
Rxc8 50. Ne6 Kf7 51. Kf3  1/2-1/2

[Event "Summer Prague Open 2025 - A"]
[Site "Olympik hotel, Sokolovska 138, Praha"]
[Date "2025.08.11"]
[Round "4"]
[Board "11"]
[White "Mamyrov, Beybarys"]
[Black "Vilimek, Vit"]
[Result "1/2-1/2"]
[WhiteElo "1960"]
[BlackElo "2159"]
[PlyCount "0"]
[EventDate "2025.08.08"]
[EventRounds "9"]
[EventCountry "CZE"]

1. d4 Nf6 2. c4 g6 3. Nc3 d5 4. Nf3 Bg7 5. Bg5 Ne4 6. Bf4 Nxc3 7. bxc3 dxc4 8. e3
b5 9. a4 c6 10. Qb1 Bd7 11. Bxc4 Bf5 12. Bd3 Bxd3 13. Qxd3 bxa4 14. O-O O-O 15. Rxa4
Nd7 16. Qc2 Nb6 17. Ra6 Nd5 18. Bg3 c5 19. e4 Nb6 20. dxc5 Qc8 21. Rxb6 axb6 22.
cxb6 Qb7 23. Bc7 Ra3 24. Nd4 Rc8 25. Nb5 Ra6 26. c4 Rxb6 27. Bxb6 Qxb6 28. Qd3 Qc5
29. g3 Qxc4 30. Qxc4 Rxc4 31. Re1 Be5 32. Na3 Rc3 33. Nb1 Rc2 34. Na3 Ra2 35. Nc4
Bc3 36. Rd1 Ra4 37. Nb6 Rxe4 38. Nd5 Bb4 39. Nxb4 Rxb4 40. Kg2 g5 41. h3 Kg7 42.
g4 h5 43. Rd5 Kg6 44. Kg3 Rb3+ 45. Kg2 h4 46. Rc5 e6 47. Rc6 Kf6 48. Rc5 Rd3 49.
Rc7 Rd4 50. Rb7 Rf4 51. Rb5 Ra4 52. Rb7 Ra3 53. Rc7 Kg6 54. Rc6 Ra7 55. Rb6 Kf6 56.
Rb5 Rd7 57. Ra5 Kg6 58. Ra6 Kg7 59. Rb6 Kf8 60. Ra6 Ke7 61. Rb6 Rc7 62. Ra6 f6 63.
Rb6 Kd7 64. Ra6 Rc6 65. Ra3 Ke7 66. Rd3 Rc5 67. Ra3 Kd6 68. Ra6+ Ke5 69. Rb6 Rd5
70. Rb3 Rd4 71. Re3+ Re4 72. Ra3 Rd4 73. Rb3 f5 74. gxf5 Kxf5 75. Re3 e5 76. Rf3+
Rf4 77. Ra3 g4 78. hxg4+ Rxg4+ 79. Kh3 Rf4 80. f3 Rb4 81. Ra8 Rb3 82. Rf8+ Kg5 83.
Rg8+ Kh5 84. Rh8+ Kg6 85. Rf8 Rb4 86. Rg8+ Kf7 87. Rg4 Rb3 88. Rxh4 Rxf3+ 89. Kg2
Rf6 90. Ra4 Kg6 91. Ra2 Rf4 92. Kg3 Kf5 93. Ra8 Rb4 94. Kf3 Rb3+ 95. Ke2 Kf4 96.
Kf2 Rb2+ 97. Ke1 Rb3 98. Ke2 Rh3 99. Ra7 Rh2+ 100. Ke1 Rh3 101. Ke2 Re3+ 102. Kf2
Rc3 103. Ke2 Rb3 104. Ra8 Rb2+ 105. Ke1 e4 106. Ra3 Rh2 107. Rb3 Ra2 108. Rc3 Ke5
109. Rg3 Kd4 110. Rh3 Rc2 111. Rg3 Rc3 112. Rxc3 Kxc3 113. Ke2 Kd4 114. Kd2 e3+ 115.
Ke2 Ke4 116. Ke1 Kd4 117. Ke2 Ke5 118. Kxe3  1/2-1/2

[Event "Summer Prague Open 2025 - A"]
[Site "Olympik hotel, Sokolovska 138, Praha"]
[Date "2025.08.11"]
[Round "4"]
[Board "12"]
[White "Cuthbert, Michael"]
[Black "Lihotsky, Lukas"]
[Result "1/2-1/2"]
[WhiteElo "1901"]
[BlackElo "2153"]
[PlyCount "0"]
[EventDate "2025.08.08"]
[EventRounds "9"]
[EventCountry "CZE"]

1. d4 Nf6 2. Bf4 d5 3. e3 c5 4. Nf3 Nc6 5. Nbd2 Bg4 6. c3 e6 7. Qb3 Qc8 8. h3 Bh5
9. g4 Bg6 10. Nh4 Be7 11. Nxg6 hxg6 12. Be2 Nd7 13. Bg3 a6 14. a4 g5 15. Kf1 cxd4
16. exd4 Nf8 17. Bd3 Qd7 18. Kg2 Rh6 19. Nf3 Ng6 20. Qc2 Nh4+ 21. Nxh4 gxh4 22. Bf4
g5 23. Be3 Rh8 24. b4 Nd8 25. Qd2 Rg8 26. Rhe1 f6 27. Bc2 Bd6 28. Qd3  1/2-1/2

[Event "Summer Prague Open 2025 - A"]
[Site "Olympik hotel, Sokolovska 138, Praha"]
[Date "2025.08.11"]
[Round "4"]
[Board "13"]
[White "Radecki, Adam"]
[Black "Lalic, Bogdan"]
[Result "0-1"]
[WhiteElo "2019"]
[BlackElo "2317"]
[PlyCount "0"]
[EventDate "2025.08.08"]
[EventRounds "9"]
[EventCountry "CZE"]

1. e4 c5 2. d3 Nc6 3. g3 g6 4. Bg2 Bg7 5. f4 d6 6. Nf3 Nf6 7. O-O O-O 8. Nbd2 Rb8
9. a4 a6 10. Nh4 Bg4 11. Ndf3 c4 12. h3 Bxf3 13. Nxf3 cxd3 14. cxd3 Qb6+ 15. Kh2
Rbc8 16. Qe2 Nd7 17. Be3 Qb4 18. h4 Nd4 19. Bxd4 Bxd4 20. Rac1 Qxb2 21. Qxb2 Bxb2
22. Rb1 Rc2 23. d4 Nb6 24. Ne1 Rd2 25. Nf3 Re2 26. Rfe1 Rxe1 27. Nxe1 Bxd4 28. Nf3
Bc5 29. a5 Nc4 30. Rxb7 e6 31. Bf1 Nxa5 32. Rb2 Nc6 33. Bxa6 Nb4 34. Bc4 Ra8 35.
h5 Kg7 36. hxg6 hxg6 37. Ne1 Ra3 38. Kg2 Rc3 39. Bb5 d5 40. exd5 Nxd5 41. Be2 Ne3+
42. Kh2 g5 43. fxg5 Bd6 44. Bd3 Rc8 45. Re2 Nf1+ 46. Kg2 Nxg3 47. Re3 Nh5 48. Kf3
Bf4 49. Re2 Bxg5 50. Rc2 Rd8 51. Rc5 Kf6 52. Be4 Nf4 53. Nc2 Nd3 54. Bxd3 Rxd3+ 55.
Ke4 Rh3 56. Rb5 Rc3 57. Nb4 Kg6 58. Na6 f5+ 59. Ke5 Rc6 60. Nc5 Bf6+ 61. Kf4 e5+
62. Ke3 Bg5+ 63. Ke2 e4 64. Nd7 Bf6 65. Rd5 Ra6 66. Rd2 Kg5 67. Rc2 Bd4 68. Nb8 Ra4
69. Nc6 f4 70. Nxd4 Rxd4 71. Rc5+ Kg4 72. Rc8 Rd6 73. Re8 Kf5 74. Rf8+ Ke5 75. Re8+
Kd4 76. Rf8 f3+ 77. Kf2 Kd3 78. Re8 Rd5 79. Re7 Kd4 80. Re8 Rc5 81. Rd8+ Ke5 82.
Re8+ Kf4 83. Rf8+ Rf5 84. Re8 Rf7 85. Re6 Rh7 86. Rf6+ Ke5 87. Rf8 Rh2+ 88. Kg1 Rc2
 0-1

[Event "Summer Prague Open 2025 - A"]
[Site "Olympik hotel, Sokolovska 138, Praha"]
[Date "2025.08.11"]
[Round "4"]
[Board "14"]
[White "Toman, Ondrej"]
[Black "Posluszny, Tomasz"]
[Result "1/2-1/2"]
[WhiteElo "2311"]
[BlackElo "2036"]
[PlyCount "0"]
[EventDate "2025.08.08"]
[EventRounds "9"]
[EventCountry "CZE"]

1. e4 c5 2. Nc3 e6 3. Nge2 Nc6 4. g3 a6 5. Bg2 Nf6 6. O-O Be7 7. h3 d6 8. d3 Qc7
9. a4 Rb8 10. g4 b5 11. axb5 axb5 12. Ng3 Nd4 13. Nce2 Bb7 14. f4 Nd7 15. c3 Nxe2+
16. Qxe2 O-O 17. g5 Ra8 18. Rxa8 Rxa8 19. h4 Bf8 20. h5 g6 21. Be3 d5 22. Qf2 Bd6
23. e5 Bf8 24. d4 cxd4 25. cxd4 Nb6 26. Rc1 Qd7 27. b3 Rc8 28. Qd2 Rxc1+ 29. Qxc1
Qc6 30. Qb1 Bb4 31. Bf1 Nc8 32. Bd3 Ne7 33. Kf2 Ba6 34. h6 Nf5 35. Bxf5 exf5 36.
Qc1 Qxc1 37. Bxc1 Kf8 38. Ke3 Bc3 39. Bd2 Bxd2+ 40. Kxd2 b4 41. Nh1 Ke7 42. Nf2 Kd7
43. Nd1 Kc6 44. Ne3 Bc8 45. Nc2 Kb5 46. Ne1 Bd7 47. Nd3 Be6 48. Nc5 Bc8 49. Ke3 Kb6
50. Kf3 Kb5 51. Kg3 Kb6 52. Nd3 Kb5 53. Ne1 Bd7 54. Nc2 Be6 55. Ne3 Kc6 56. Kf2 Kb5
57. Ke2 Kb6 58. Kd2 Kc6 59. Nc2 Kb5 60. Ne1 Kb6 61. Nd3 Kb5 62. Nc5 Bc8 63. Ke3 Kb6
64. e6 Bxe6 65. Nd3 Kb5 66. Nc5 Kb6 67. Kd2 Bc8 68. Nd3 Kb5 69. Ke3 Bd7 70. Nc5 Bc8
 1/2-1/2